| 000 | 00411nam a22001217a 4500 | ||
|---|---|---|---|
| 082 | _a220 PRO | ||
| 100 |
_aZABEEL,SIDRA,ASIM, _971796 |
||
| 245 | _aPR-SOF-1217-SWARM INTELLIGENCE BASED MAPPING AND INTRUSION DETECTION SYSTEM IN A DYNAMIC ADVERSARIAL ENVIRONMENT | ||
| 260 |
_aISLAMABAD _bNUST COLLEGE OF EME _c2012 |
||
| 650 |
_aDE-COMP-30 _971797 |
||
| 700 |
_aSUPERVISOR , DR SHOAB A KHAN _969958 |
||
| 942 | _cCR | ||
| 999 |
_c578121 _d578121 |
||